Легенда про гетьмана (Запис № 580679)

МАРК-запис
000 -Лідер
fixed length control field 01955 a2200253 4500
001 - Контрольний номер
control field 2162214035926813
003 - Ідентифікатор контрольного номера
control field UA-OsUOA
005 - Дата та час останнього входження (трансакції)
control field 20260508154944.0
008 - Елементи даних фіксованої довжини – загальна інформація
fixed length control field 260508b un abo|| |||| 00| 0dukr d
020 ## - Міжнародний стандартний книжковий номер (ISBN)
Міжнародний стандартний книжковий номер (ISBN) (НП) 9667304051
040 ## - Джерело каталогізації
Агенція оригінальної каталогізації UA-OsUOA
Мова каталогізації ukr
Агенція, яка здійснювала перезапис UA-OsUOA
Агенція, яка здійснювала модифікацію UA-OsUOA
041 ## - Код мови
Код мови тексту/ звукової доріжки чи окремого заголовка (П) ukr
080 ## - Індекс Універсальної десяткової класифікації
Індекс Універсальної десяткової класифікації (УДК) (НП) 94(477):929
090 ## - Локальний шифр розміщення
Класифікаційний індекс УДК 94(477):929
Авторський знак (НП) С45
100 ## - Основне введення – ім’я особи
Ім’я особи (НП) Скрипник І.
9 (RLIN) 25203
245 ## - Відомості про назву
Назва (НП) Легенда про гетьмана
Решта назви (НП) Іван Виговський: від Конотопа до Скиту Минявського
260 ## - Публікація, розповсюдження і т.п. (Вихідні дані)
Місце публікації, розповсюдження і т.п. (П) Івано-Франківськ
Ім’я/ наймення видавництва, розповсюджувача і т.п. (П) ТОВ "СІВЕРСІЯ Лтд"
Дата публікації, розповсюдження і т.п. (П) 1997
300 ## - Фізичний опис
Обсяг 176 с.
520 ## - Резюме і т.п.
Резюме, реферат, анотація, тощо (НП) У книзі "Легенда про гетьмана" зібрано статті краєзнавця І. Скрипника про Івана Виговського, який став гетьманом України по смерті Богдана Хмельницького й очолив збройну боротьбу проти засилля московитів, перемігши під Конотопом їхнє 100-тисячне військо. У виданні вміщено також дослідження Івана Скрипника про Скит Манявський, де, за версією ряду вчених, похований гетьман, а також матеріали інших авторів про Івана Виговського.<br/>Книга розрахована на всіх, хто цікавиться історією України, особливо тими її сторінками, які замовчувалися або грубо перекручувалися в часи комуністичного режиму.
650 ## - Додаткове предметне введення – тематичний термін
Тематичний термін чи географічна назва, як елемент введення (НП) 94(477) Історія України
9 (RLIN) 1446
942 ## - Додаткові елементи входу (Коха)
Тип елемента Koha Книги
Source of classification or shelving scheme Universal Decimal Classification
955 ## - Код типу видання за змістом
Код типу видання за змістом (НП) Науково-популярні видання
Фонди
Стан вилучень Стан втрат Джерело класифікації або схеми стелажів Стан уражень Не для кредиту Код колекції Постійне місце розташування Поточне розміщення Дата придбання Джерело придбання Вартість, звичайна ціна покупки Інвентарний номер Усього замовленно Повний номер виклику Штрих-код Дата останнього перегляду Вартість, ціна заміни Ціна ефективна від Тип елемента Koha Примітка, призначена для загального доступу
    Universal Decimal Classification     Колекція Шевчука Валерія АБ - Абонемент НБ АБ - Абонемент НБ 08/05/2026 Акт №24/28.04.2026 15.00 169919   94(477):929 С45 169919 08/05/2026 15.00 08/05/2026 Книги З автографом автора